00304 a2200133 4500001000700000020001800007040001100025100003700036240003900073245003400112300000700146362000900153440000800162185241 a85-7153-192-7 cMagnum aBellinghausen, Biesemeyer Ingrid10aVamos conhecer profissões 2lpor10aVamos conhecer profissões 2 a230 a2005 1aRHJ